00659nam a2200205Ia 4500003000400000008004100004020002400045040000800069100002100077245004000098260004700138300001400185365001300199901002100212902003400233903005700267942001200324952010000336999001700436LDD181029s9999 xx 000 0 und d a521674352cUS24.99 cLDD aKoplow, David A. 0aNon-Lethal WeaponscDavid A. Koplow aNew YorkbCambridge University Pressc2006 aix, 194p. bUS24.99 a3479b13-11-2006 a903b16-12-2006cFdAAKARe32 aDiscount-10bReqst by : Gopal, D.(Dr.)  2ddccBK 00102ddc4070976904aLDDbLDDl0o363.232 K839Np060233r2018-11-01v1125.54w2018-11-01yBK c76905d76905